Vocabulaire informatique - T à Z - Statistiques

Statistiques générales
  • Ce quiz a été pris 181 fois
  • Le résultat moyen est 9 sur 124
Statistiques - réponses
Hint Réponse % Correct
Tabulation TAB
91%
mettre à jour update
45%
améliorer upgrade
35%
utilisateur user
32%
Etiquette Tag
23%
cibler target
21%
outil tool
21%
valeur value
20%
piège trap
19%
jeton token
18%
traduire translate
18%
cable, file wire
18%
sans fil wireless
17%
déverouiller unlock
16%
à jour up-to-date
16%
compresser zip
15%
peser, soupeser weigh
14%
débrancher unplug
13%
réalité vituelle virtual reality
13%
avertissement warning
13%
souligner underline
12%
majuscule upper case
12%
pister, traquer track
11%
transférer upload
11%
guide d'utilisation user guide
11%
vide void
11%
onde wave
11%
poids weight
11%
enrouler wind
11%
écran tactile touchscreen
9%
former train
9%
décompresser unzip
9%
formation training
8%
non disponible unavailable
8%
non détecté undetected
8%
gaspillage,dechets waste
8%
large wide
8%
largeur width
8%
lieu de travail workplace
8%
stagiaire trainee
7%
déclancher trigger
7%
fenetrage windowing
7%
atelier workshop
7%
seuil threshold
6%
conseil tip
6%
défaire undo
6%
etanche waterproof
6%
longueur d'onde wavelength
6%
cablage wiring
6%
code postal zip code
6%
zoomer zoom in
6%
dézoomer zoom out
6%
convivial user-friendly
5%
vibrer vibrate
5%
feuille de travail worksheet
5%
bande (magnetique) tape
4%
gabarit, modèle template
4%
tonalité signal tone
4%
hostile, peu convivial unfriendly
4%
peu fiable unreliable
4%
reconnaissance vocale voice recognition
4%
poste/station de travail workstation
4%
serré / strict tight
3%
pencher tilt
3%
chronophage,long time-consuming
3%
tracer, suivre, visualiser trace
3%
non altéré unaltered
3%
non vérifié unchecked
3%
inconditionnel unconditional
3%
sans étiquette unlabelled
3%
visualiser view
3%
abscisses X-AXIS
3%
ordonnées Y-AXIS
3%
télétravail telecommuting
2%
téléachat teleshopping
2%
(imprimante) thermique thermal
2%
case à cocher tickbox
2%
basculer toggle
2%
disponible, non alloué unallocated
2%
irrécupérabke unrecoverable
2%
activé par la parole voice-activated
2%
galette,plaquette wafer
2%
traitement de texte word processing
2%
Sur mesure, personnalisé tailored
1%
démonter (un appareil) take apart
1%
prendre la suite take over
1%
débit throughput
1%
sychronisation timing
1%
infobulle tooltip
1%
tactile touch-sensitive
1%
émettuer-recepteur tranceiver
1%
chiffre d'affaire turnover
1%
restaurer apres effacement undelete
1%
entreprendre undertake
1%
dérouler unwind
1%
effacer, libérer, vider vacate
1%
polyvalent versatile
1%
VGA video graphics array
1%
garantie warrantly
1%
souder weld
1%
rendement yield
1%
effacer, supprimer zap
1%
falsifier, trafiquer, modifier tamper
0%
localisation d'un problème troubleshoot
0%
non attribué unassigned
0%
automatique, autonome unattended
0%
non formaté unfomatted
0%
illimité unrestricted
0%
décoder unscramble
0%
non protégé unsecured
0%
libre, disponible vacant
0%
rapport qualité-rpix value for money
0%
examiner de près vet
0%
visioconférence videoconferencing
0%
écran (de visualisation) visual display unit
0%
usure wear and tear
0%
vu tel qu'a l'impressions What you see is what you get
0%
petit génie whiz-kid
0%
répandu widespread
0%
retirer withdrawal
0%
bourreau de travail wordaholic
0%
retour à la ligne auto word wrap
0%
transfere xfer
0%
à force d'insertion nulle zero insertion force
0%
Aucun quiz correspondant
Distribution des résultats
% des personnes avec chaque résultat
Percentile par nombre de réponses
Votre historique - résultats
Vous n’avez pas pris ce quiz